=LDR 00000nam 2200000 4500 =001 INLIS000000000024846 =005 20130612123414 =008 ***********************************Ind** =035 ##$$0010-061300000024846 =041 ##$$a Ind =082 ##$$a 2X9.104 =090 ##$$a 2X9.104, Jam t =100 ##$$a Jam'ah, Ahmad Khalil =245 ##$$a Tujuh puluh Tokoh wanita dalam kehidupan Rasulullah, Ahmad Khalil Jam'ah =260 ##$$a 2004 $b Jakarta =300 ##$$a xxiv, 551 hlm, 20 cm =650 ##$$a Tokoh Wanita =850 ##$$a NBPNMAT